[Event "IECG TG.2003.0.15036"]
[Site "IECG email"]
[Date "2003.11.02"]
[Round "2"]
[White "Palka, Zbyszko"]
[Black "Banker, Amit"]
[Result "1-0"]
[WhiteElo "800"]
[BlackElo "800"]
[PlyCount "61"]
[EventDate "2003.11.02"]
[EventType "match (corr)"]
[EventRounds "2"]
[SourceTitle "Corr 2008"]
[Source "ChessBase"]
[SourceDate "2008.06.24"]
[SourceVersion "1"]
[SourceVersionDate "2008.06.24"]
[SourceQuality "1"]

1. e4 c5 2. Nf3 Nc6 3. d4 cxd4 4. Nxd4 Nf6 5. Nc3 e5 6. Ndb5 Bb4 7. a3 Bxc3+ 8. Nxc3 Qa5 9. Bd3 0-0 10. Bg5 Ne8 11. 0-0 d6 12. b4 Qc7 13. Nd5 Qd7 14. b5 f6 15. Be3 Ne7 16. Bc4 Kh8 17. f4 Nxd5 18. Qxd5 exf4 19. Bxf4 Qe7 20. Rae1 h6 21. Re3 Bg4 22. Rg3 f5 23. exf5 Nf6 24. Qxd6 Qxd6 25. Bxd6 Rfe8 26. Bf7 Re2 27. c4 b6 28. c5 bxc5 29. Bxc5 Rd8 30. h3 Re5 31. Bxa7 1-0